<?xml version="1.0" encoding="UTF-8"?>
<collection xmlns="http://www.loc.gov/MARC21/slim">
 <record>
  <leader>00622pamaa2200181   4500</leader>
  <controlfield tag="001">0000045395</controlfield>
  <controlfield tag="005">20090709090000.0</controlfield>
  <controlfield tag="008">090617                             eng  </controlfield>
  <datafield tag="020" ind1="0" ind2="0">
   <subfield code="a">1842053523 (pbk.) </subfield>
  </datafield>
  <datafield tag="090" ind1="0" ind2="0">
   <subfield code="a">RA777.8 </subfield>
   <subfield code="b">LAW 2006</subfield>
  </datafield>
  <datafield tag="100" ind1="1" ind2="0">
   <subfield code="a">Lawrence </subfield>
  </datafield>
  <datafield tag="245" ind1="0" ind2="4">
   <subfield code="a">Well-being for women : </subfield>
   <subfield code="b">a guide to health for all women, from adolescence to old age  </subfield>
   <subfield code="c">Helen Lawrence.</subfield>
  </datafield>
  <datafield tag="260" ind1="0" ind2="0">
   <subfield code="a">New Lanark, ML: </subfield>
   <subfield code="b">Geddes &amp; Grosset, </subfield>
   <subfield code="c">2006.</subfield>
  </datafield>
  <datafield tag="300" ind1=" " ind2=" ">
   <subfield code="a">224p: </subfield>
   <subfield code="b">ill.; </subfield>
   <subfield code="c">20 cm.</subfield>
  </datafield>
  <datafield tag="440" ind1="0" ind2="0">
   <subfield code="a">Family Medical</subfield>
  </datafield>
  <datafield tag="650" ind1="0" ind2="0">
   <subfield code="a">Diet -- </subfield>
   <subfield code="x">popular works </subfield>
  </datafield>
  <datafield tag="650" ind1="0" ind2="0">
   <subfield code="a">Health -- </subfield>
   <subfield code="x">therapy -- </subfield>
   <subfield code="x">popular works </subfield>
  </datafield>
  <datafield tag="650" ind1="0" ind2="0">
   <subfield code="a">Women -- </subfield>
   <subfield code="x">Health and hygiene </subfield>
  </datafield>
 </record>
</collection>
